000
00292nam a22001337a 4500
008
170623b xxu||||| |||| 00| 0 eng d
020
_a
9780252063114
041
_a
eng
080
_a
32
100
_a
21
101
_a
SHP
245
_a
FROM OUTRAGE TO ACTION
_c
WOLIVER,L.R
942
_2
udc
_c
BK
999
_c
18891
_d
18891